000
00399nam a22001697a 4500
003
MPLRDC
005
20220104124147.0
008
210129b ||||| |||| 00| 0 eng d
082
_a
868.71 NH-2
100
_a
年红
245
_a
文坛漫步
_c
250
_a
初版
260
_a
_b
东方文化机构有限公司
_c
1979
300
_b
平
650
_a
马华文学
942
_c
BK
_o
868.71 NH-2
999
_c
17122
_d
17112